[Event "CYCC U10"]
[Site "Sault Ste Marie CAN"]
[Date "2017.07.10"]
[Round "7.91"]
[White "Bocan, Richard"]
[Black "Wang, David"]
[Result "1-0"]
[WhiteElo "1086"]
[BlackElo "1263"]
[WhiteFideId "-1"]
[WhiteFideId "-1"]
[PlyCount "117"]
[GameId "2160767908344681"]
[EventDate "2017.07.06"]
[EventType "swiss"]
[EventRounds "7"]
[EventCountry "CAN"]
[SourceTitle "hb 2017"]

1. Nf3 Nc6 2. d4 d5 3. c4 e6 4. Bf4 Bb4+ 5. Nc3 Nf6 6. e3 O-O 7. Bd3 Ne4 8. Qc2 f5 9. Ne5 Nxe5 10. Bxe5 Nxc3 11. bxc3 Bd6 12. Bxd6 Qxd6 13. f4 c6 14. c5 Qe7 15. Rc1 Qh4+ 16. g3 Qd8 17. c4 b6 18. cxd5 Qxd5 19. O-O bxc5 20. dxc5 Rd8 21. Rcd1 Bb7 22. Bc4 Qe4 23. Qxe4 fxe4 24. Bxe6+ Kf8 25. Bf5 Rxd1 26. Rxd1 h6 27. Bxe4 Re8 28. Rd4 Kf7 29. Kf2 Kf6 30. Rd6+ Re6 31. Rxe6+ Kxe6 32. Ke2 Ba6+ 33. Bd3 Bxd3+ 34. Kxd3 Kd5 35. e4+ Kxc5 36. Kc3 Kd6 37. Kc4 Ke6 38. Kc5 Kd7 39. e5 Kc7 40. e6 Kd8 41. Kxc6 Ke7 42. Kd5 g6 43. g4 a6 44. f5 gxf5 45. gxf5 h5 46. f6+ Kxf6 47. Kd6 a5 48. Kd7 h4 49. e7 a4 50. e8=Q h3 51. Qh5 a3 52. Qxh3 Ke5 53. Qg3+ Kd4 54. h4 Ke4 55. h5 Kd4 56. h6 Ke4 57. h7 Kd4 58. h8=Q+ Ke4 59. Qhe5# 1-0

[Event "CYCC U10 w"]
[Site "Sault Ste-Marie CAN"]
[Date "2017.07.06"]
[Round "1"]
[White "Boucher, Anne-Marie"]
[Black "Knowles, Isabelle"]
[Result "0-1"]
[WhiteElo "817"]
[BlackElo "1047"]
[WhiteFideId "-1"]
[WhiteFideId "-1"]
[PlyCount "100"]
[GameId "2160767908344682"]
[EventDate "2017.07.06"]
[EventType "swiss"]
[EventRounds "7"]
[EventCountry "CAN"]
[SourceTitle "EXT 2022"]
[Source "ChessBase"]
[SourceDate "2021.10.06"]
[SourceVersion "1"]
[SourceVersionDate "2021.10.06"]
[SourceQuality "1"]

1. e4 e5 2. Nf3 Nc6 3. Bb5 a6 4. Ba4 b5 5. Bb3 Nf6 6. Nc3 Bc5 7. O-O O-O 8. d3 h6 9. Nd5 d6 10. Nxf6+ Qxf6 11. Bd5 Bb7 12. h3 Ra7 13. c3 a5 14. Be3 Bxe3 15. fxe3 Qg6 16. d4 exd4 17. cxd4 Ra6 18. e5 dxe5 19. dxe5 Bc8 20. Kh2 Qf5 21. Rh1 Nxe5 22. Nh4 Qf6 23. Qe1 Nd3 24. Qg3 Qe5 25. Qxe5 Nxe5 26. Rac1 c6 27. Be4 Be6 28. Rcf1 Bxa2 29. Rf5 Nc4 30. Rd1 Nxe3 31. Rd6 Nxf5 32. Nxf5 a4 33. Ne7+ Kh8 34. g4 Re8 35. Ng6+ fxg6 36. Bxg6 Rf8 37. h4 b4 38. h5 a3 39. bxa3 bxa3 40. g5 hxg5 41. h6 gxh6 42. Rd7 Bg8 43. Kg1 a2 44. Rd1 a1=Q 45. Rxa1 Rxa1+ 46. Kg2 Ra3 47. Bh5 Rd8 48. Kh2 Rd2+ 49. Kh1 Ra1+ 50. Bd1 Raxd1# 0-1

[Event "CYCC U10 w"]
[Site "Sault Ste-Marie CAN"]
[Date "2017.07.06"]
[Round "1"]
[White "Chi, Sarah"]
[Black "Pobereshnikova, Faina"]
[Result "0-1"]
[WhiteElo "691"]
[BlackElo "893"]
[WhiteFideId "-1"]
[WhiteFideId "-1"]
[PlyCount "138"]
[GameId "2160767908344683"]
[EventDate "2017.07.06"]
[EventType "swiss"]
[EventRounds "7"]
[EventCountry "CAN"]
[SourceTitle "EXT 2022"]
[Source "ChessBase"]
[SourceDate "2021.10.06"]
[SourceVersion "1"]
[SourceVersionDate "2021.10.06"]
[SourceQuality "1"]

1. e4 e5 2. Nf3 Nc6 3. Nc3 Nf6 4. Bb5 d6 5. d3 Be7 6. Bg5 O-O 7. O-O a6 8. Bc4 b5 9. Bb3 Bg4 10. h3 Bh5 11. Nd5 Nxd5 12. Bxd5 Bxg5 13. Bxc6 Bxf3 14. Qxf3 Rb8 15. Rfe1 Rb6 16. Bd5 c6 17. Bb3 a5 18. a3 h6 19. Qg3 Bf4 20. Qf3 Qg5 21. g3 h5 22. h4 Qg6 23. Kh2 Bh6 24. Rg1 Qg4 25. Qxg4 hxg4 26. Kg2 g5 27. Rh1 Kg7 28. hxg5 Bxg5 29. Rh5 Kg6 30. Rh2 f5 31. f3 fxe4 32. fxe4 a4 33. Be6 Be3 34. Bxg4 Rf2+ 35. Kh3 Rb7 36. Rxf2 Rh7+ 37. Kg2 Bxf2 38. Kxf2 Rh2+ 39. Kg1 Rxc2 40. Rf1 Rxb2 41. Bf5+ Kg5 42. Rf2 Rb3 43. g4 Rxa3 44. Rf3 Rc3 45. Kg2 a3 46. Rf2 Rxd3 47. Kh2 b4 48. Ra2 Rd1 49. Kg3 b3 50. Rxa3 b2 51. Rb3 b1=Q 52. Rxb1 Rxb1 53. Kf3 d5 54. exd5 cxd5 55. Ke3 d4+ 56. Kd2 Rh1 57. Be4 Rh2+ 58. Kd3 Kxg4 59. Bd5 Rh3+ 60. Ke4 d3 61. Kxe5 d2 62. Bb3 Rxb3 63. Ke4 Rb1 64. Ke3 d1=Q 65. Ke4 Qa4+ 66. Kd5 Rb5+ 67. Kc6 Qa6+ 68. Kc7 Rb7+ 69. Kc8 Qa8# 0-1

[Event "CYCC U10 w"]
[Site "Sault Ste-Marie CAN"]
[Date "2017.07.06"]
[Round "1"]
[White "Deng, Joyce"]
[Black "Liao, Jodie"]
[Result "0-1"]
[WhiteElo "1000"]
[BlackElo "800"]
[WhiteFideId "-1"]
[WhiteFideId "-1"]
[PlyCount "54"]
[GameId "2160767908344684"]
[EventDate "2017.07.06"]
[EventType "swiss"]
[EventRounds "7"]
[EventCountry "CAN"]
[SourceTitle "EXT 2022"]
[Source "ChessBase"]
[SourceDate "2021.10.06"]
[SourceVersion "1"]
[SourceVersionDate "2021.10.06"]
[SourceQuality "1"]

1. d4 c5 2. c3 d6 3. e4 Nf6 4. Nd2 Nc6 5. Ngf3 Bg4 6. Bd3 cxd4 7. h3 Bh5 8. Be2 dxc3 9. bxc3 e5 10. O-O Be7 11. Ba3 O-O 12. Nc4 d5 13. Qd2 dxc4 14. Qxd8 Raxd8 15. Bxc4 Bxa3 16. Ng5 h6 17. Nxf7 Bxf7 18. Bxf7+ Rxf7 19. Rab1 Nxe4 20. Rxb7 Rxb7 21. Re1 Nxc3 22. Re3 Nb1 23. Re1 Bd6 24. a4 Nd2 25. Rd1 e4 26. Rxd2 Rb1+ 27. Rd1 Rxd1# 0-1

[Event "CYCC U10 w"]
[Site "Sault Ste-Marie CAN"]
[Date "2017.07.06"]
[Round "1"]
[White "Hua, Michelle"]
[Black "Jiang, Kate"]
[Result "0-1"]
[WhiteElo "1461"]
[BlackElo "875"]
[WhiteFideId "-1"]
[WhiteFideId "-1"]
[PlyCount "82"]
[GameId "2160767908344685"]
[EventDate "2017.07.06"]
[EventType "swiss"]
[EventRounds "7"]
[EventCountry "CAN"]
[SourceTitle "EXT 2022"]
[Source "ChessBase"]
[SourceDate "2021.10.06"]
[SourceVersion "1"]
[SourceVersionDate "2021.10.06"]
[SourceQuality "1"]

1. e4 e5 2. Nf3 Nc6 3. Bc4 Nf6 4. d3 Bc5 5. Be3 Bb6 6. c3 d6 7. h3 h6 8. Nbd2 O-O 9. d4 Re8 10. Bd3 d5 11. exd5 Nxd5 12. O-O exd4 13. Bxd4 Nxd4 14. cxd4 Nf4 15. Nb3 Nxd3 16. Qxd3 Qf6 17. Rad1 Bf5 18. Qc3 Rad8 19. Rfe1 Be4 20. Kh1 Bxf3 21. Qxf3 Qxf3 22. Rxe8+ Rxe8 23. gxf3 Re2 24. Rd2 Rxd2 25. Nxd2 Bxd4 26. b3 Bxf2 27. Kg2 Bb6 28. Kf1 Kf8 29. Ke2 Ke7 30. Kd3 Kf6 31. Nc4 Kg5 32. Ke2 Kh4 33. Ne5 f6 34. Ng4 Kxh3 35. Nf2+ Bxf2 36. Kxf2 g5 37. f4 g4 38. f5 g3+ 39. Kg1 g2 40. a3 h5 41. a4 a5 0-1

[Event "CYCC U10 w"]
[Site "Sault Ste-Marie CAN"]
[Date "2017.07.06"]
[Round "1"]
[White "Siahou, Audrey"]
[Black "Ksenych, Alexz"]
[Result "0-1"]
[WhiteElo "794"]
[BlackElo "931"]
[WhiteFideId "-1"]
[WhiteFideId "-1"]
[PlyCount "110"]
[GameId "2160767908344686"]
[EventDate "2017.07.06"]
[EventType "swiss"]
[EventRounds "7"]
[EventCountry "CAN"]
[SourceTitle "EXT 2022"]
[Source "ChessBase"]
[SourceDate "2021.10.06"]
[SourceVersion "1"]
[SourceVersionDate "2021.10.06"]
[SourceQuality "1"]

1. e4 d5 2. exd5 Nf6 3. Nf3 Bg4 4. h3 Bh5 5. Nc3 Nxd5 6. Bc4 Nxc3 7. bxc3 e5 8. Qe2 Nc6 9. Qe3 Bd6 10. O-O O-O 11. d4 Bxf3 12. gxf3 exd4 13. cxd4 Re8 14. Qc3 Bb4 15. Qb2 Qxd4 16. Qxd4 Nxd4 17. c3 Nxf3+ 18. Kg2 Bxc3 19. Rb1 Nh4+ 20. Kg1 Re4 21. Bd5 Rd4 22. Bg5 Rxd5 23. Bxh4 Rh5 24. Bg3 Rxh3 25. Rfd1 c6 26. Rd3 Be5 27. Rbd1 f6 28. Bxe5 Rxd3 29. Rxd3 fxe5 30. Rd7 b5 31. Re7 Rd8 32. Rxe5 Rd1+ 33. Kg2 Rd2 34. Re6 c5 35. Re5 Rc2 36. Re6 Kf7 37. Rc6 c4 38. Kf3 h5 39. Kg3 g5 40. Rh6 c3 41. Rxh5 Rxa2 42. Rxg5 c2 43. Rc5 b4 44. Rc4 b3 45. Rc3 b2 46. Rxc2 b1=Q 47. Rc7+ Ke6 48. f4 Qg1+ 49. Kf3 Ra3+ 50. Ke4 Qe1+ 51. Kd4 Ra4+ 52. Kd3 Qd1+ 53. Kc3 Ra3+ 54. Kb4 Qb3+ 55. Kc5 Qb6+ 0-1

[Event "CYCC U10 w"]
[Site "Sault Ste-Marie CAN"]
[Date "2017.07.06"]
[Round "1"]
[White "Surya, Dania"]
[Black "Tao, Kaitlyn"]
[Result "1-0"]
[WhiteElo "918"]
[BlackElo "778"]
[WhiteFideId "-1"]
[WhiteFideId "-1"]
[PlyCount "51"]
[GameId "2160767908344687"]
[EventDate "2017.07.06"]
[EventType "swiss"]
[EventRounds "7"]
[EventCountry "CAN"]
[SourceTitle "EXT 2022"]
[Source "ChessBase"]
[SourceDate "2021.10.06"]
[SourceVersion "1"]
[SourceVersionDate "2021.10.06"]
[SourceQuality "1"]

1. e4 c5 2. d4 cxd4 3. c3 dxc3 4. Nxc3 e5 5. Bc4 Nf6 6. Nf3 Nc6 7. O-O Bc5 8. Bg5 d6 9. Nd5 h6 10. Bh4 Bg4 11. h3 Bh5 12. Qe2 Nd4 13. Nxf6+ gxf6 14. Bb5+ Kf8 15. Qd3 Rg8 16. Nxd4 Bxd4 17. Kh1 Qb6 18. Bxf6 Bxf2 19. Rac1 Rg3 20. Qd5 Rxh3+ 21. gxh3 Bf3+ 22. Kh2 Qe3 23. Qxd6+ Kg8 24. Qxe5 Bg1+ 25. Rxg1+ Kh7 26. Qf5# 1-0

[Event "CYCC U10 w"]
[Site "Sault Ste-Marie CAN"]
[Date "2017.07.06"]
[Round "1"]
[White "Vozian, Emilia"]
[Black "Carrier, Sophie"]
[Result "1-0"]
[WhiteElo "1071"]
[BlackElo "821"]
[WhiteFideId "-1"]
[WhiteFideId "-1"]
[PlyCount "31"]
[GameId "2160767908344688"]
[EventDate "2017.07.06"]
[EventType "swiss"]
[EventRounds "7"]
[EventCountry "CAN"]
[SourceTitle "EXT 2022"]
[Source "ChessBase"]
[SourceDate "2021.10.06"]
[SourceVersion "1"]
[SourceVersionDate "2021.10.06"]
[SourceQuality "1"]

1. e4 e5 2. Nf3 d6 3. Nc3 f6 4. d4 Be7 5. Be3 Nh6 6. Bxh6 gxh6 7. d5 O-O 8. Qd2 h5 9. Be2 h6 10. Qxh6 Re8 11. Qxh5 a5 12. O-O-O Rf8 13. Qg6+ Kh8 14. h4 f5 15. Ng5 Bxg5+ 16. hxg5# 1-0

[Event "CYCC U10 w"]
[Site "Sault Ste-Marie CAN"]
[Date "2017.07.06"]
[Round "1"]
[White "Zhang, Joyce"]
[Black "Ai, Amy"]
[Result "1/2-1/2"]
[WhiteElo "863"]
[BlackElo "1260"]
[WhiteFideId "-1"]
[WhiteFideId "-1"]
[PlyCount "145"]
[GameId "2160767908344689"]
[EventDate "2017.07.06"]
[EventType "swiss"]
[EventRounds "7"]
[EventCountry "CAN"]
[SourceTitle "EXT 2022"]
[Source "ChessBase"]
[SourceDate "2021.10.06"]
[SourceVersion "1"]
[SourceVersionDate "2021.10.06"]
[SourceQuality "1"]

1. e4 e5 2. Nf3 Nc6 3. Bc4 Bc5 4. O-O Nf6 5. Nc3 d6 6. h3 O-O 7. d3 h6 8. Be3 Bb6 9. Qd2 Bd7 10. a4 Nd4 11. Bxd4 exd4 12. Nb5 c5 13. b4 Bxb5 14. Bxb5 a6 15. Bc4 Re8 16. Rfe1 d5 17. exd5 Rxe1+ 18. Rxe1 Nxd5 19. a5 Bc7 20. Rb1 cxb4 21. Bxd5 Qxd5 22. Qxb4 Bxa5 23. Qxb7 Qxb7 24. Rxb7 Rd8 25. Ra7 Rd6 26. Ra8+ Kh7 27. Ra7 f6 28. Ra8 Bc3 29. Kf1 a5 30. Ke2 g5 31. Nd2 Kg6 32. f3 Kf5 33. g3 Rc6 34. Kd1 Ke5 35. Nc4+ Kf5 36. Ke2 Rc5 37. Kf2 Bb4 38. Ke2 Rc6 39. Kf2 Ke6 40. g4 f5 41. gxf5+ Kxf5 42. Kg3 Be1+ 43. Kg2 Bb4 44. Kg1 Ke6 45. Nxa5 Rxc2 46. Nc4 Rc3 47. Ra4 Be7 48. Ra6+ Kf7 49. Rxh6 Bf6 50. Rh7+ Kg6 51. Rd7 Rxd3 52. Rd6 Kf5 53. Kg2 Be7 54. Rd7 Bb4 55. Rb7 Bc3 56. Nd6+ Kf4 57. Rf7+ Ke5 58. Nb5 Ke6 59. Rc7 Kd5 60. Kf2 Ba5 61. Rc2 Rd2+ 62. Rxd2 Bxd2 63. Ke2 Be3 64. Kd3 Kc5 65. Nc7 Kd6 66. Nb5+ Kd5 67. Nc7+ Ke5 68. Nb5 Kf4 69. Nxd4 Bxd4 70. Kxd4 Kxf3 71. Ke5 Kg3 72. Kf5 Kxh3 73. Kxg5 1/2-1/2

[Event "CYCC U10 w"]
[Site "Sault Ste-Marie CAN"]
[Date "2017.07.06"]
[Round "2"]
[White "Ai, Amy"]
[Black "Hua, Michelle"]
[Result "1/2-1/2"]
[WhiteElo "1260"]
[BlackElo "1461"]
[WhiteFideId "-1"]
[WhiteFideId "-1"]
[PlyCount "107"]
[GameId "2160767908344690"]
[EventDate "2017.07.06"]
[EventType "swiss"]
[EventRounds "7"]
[EventCountry "CAN"]
[SourceTitle "EXT 2022"]
[Source "ChessBase"]
[SourceDate "2021.10.06"]
[SourceVersion "1"]
[SourceVersionDate "2021.10.06"]
[SourceQuality "1"]

1. e4 c5 2. c3 d6 3. d4 cxd4 4. cxd4 Nf6 5. Nc3 g6 6. Nf3 Bg7 7. Bd3 O-O 8. O-O Nc6 9. Be3 Bg4 10. h3 Bxf3 11. Qxf3 Nd7 12. d5 Nce5 13. Qd1 Nxd3 14. Qxd3 Ne5 15. Qe2 Qc7 16. Bd4 Nf3+ 17. Qxf3 Bxd4 18. Nb5 Qb6 19. Nxd4 Qxd4 20. b3 Rac8 21. Rfd1 Qc3 22. Qxc3 Rxc3 23. Rdc1 Rfc8 24. Re1 Rc2 25. Kf1 Rb2 26. Re2 Rcc2 27. Rxc2 Rxc2 28. a3 Kg7 29. Re1 Rb2 30. b4 Ra2 31. Re3 Rc2 32. Re2 Rc1+ 33. Re1 Rxe1+ 34. Kxe1 Kf6 35. Ke2 b5 36. Ke3 Ke5 37. f4+ Kf6 38. Kd4 h6 39. e5+ Kf5 40. exd6 exd6 41. g3 f6 42. Ke3 g5 43. g4+ Kg6 44. f5+ Kf7 45. Kd4 Ke7 46. Ke3 Kd7 47. Kf3 Kc7 48. Kg3 Kb6 49. h4 a5 50. hxg5 hxg5 51. Kf3 Kb7 52. Ke4 Kc7 53. Kd4 Kb7 54. Ke4 1/2-1/2

[Event "CYCC U10 w"]
[Site "Sault Ste-Marie CAN"]
[Date "2017.07.06"]
[Round "2"]
[White "Deng, Joyce"]
[Black "Zhang, Joyce"]
[Result "1/2-1/2"]
[WhiteElo "1000"]
[BlackElo "863"]
[WhiteFideId "-1"]
[WhiteFideId "-1"]
[PlyCount "102"]
[GameId "2160767908344692"]
[EventDate "2017.07.06"]
[EventType "swiss"]
[EventRounds "7"]
[EventCountry "CAN"]
[SourceTitle "EXT 2022"]
[Source "ChessBase"]
[SourceDate "2021.10.06"]
[SourceVersion "1"]
[SourceVersionDate "2021.10.06"]
[SourceQuality "1"]

1. e4 c5 2. Nc3 d6 3. f4 Nc6 4. Bb5 Bd7 5. d3 g6 6. Be3 e5 7. fxe5 Nxe5 8. Nf3 Bxb5 9. Nxb5 a6 10. Nc3 Nf6 11. Nxe5 dxe5 12. Qe2 b6 13. Bg5 Bg7 14. Nd5 O-O 15. O-O-O Qd6 16. Rhf1 Nd7 17. Be7 Qe6 18. Bxf8 Rxf8 19. Nc7 Qc6 20. Nd5 Re8 21. Rf2 Nf6 22. Nxf6+ Bxf6 23. Rdf1 Re6 24. g4 h6 25. h4 g5 26. hxg5 hxg5 27. Rf3 Kf8 28. R1f2 Ke7 29. Qf1 b5 30. Rxf6 Rxf6 31. Rxf6 Qxf6 32. Qxf6+ Kxf6 33. Kd2 Ke6 34. b3 Kd6 35. c4 bxc4 36. dxc4 a5 37. a4 Kc6 38. Kc3 Kb6 39. Kb2 Kb7 40. Kc2 Kb6 41. Kd3 Kc6 42. Ke3 Kd6 43. Kf3 Ke6 44. Kg3 Kd6 45. Kf3 Ke6 46. Kg3 Kd6 47. Kf3 Kc6 48. Ke3 f6 49. Kd3 Kd7 50. Ke3 Kc8 51. Kd2 Kb7 1/2-1/2

[Event "CYCC U10 w"]
[Site "Sault Ste-Marie CAN"]
[Date "2017.07.06"]
[Round "2"]
[White "Knowles, Isabelle"]
[Black "Jiang, Kate"]
[Result "0-1"]
[WhiteElo "1047"]
[BlackElo "875"]
[WhiteFideId "-1"]
[WhiteFideId "-1"]
[PlyCount "136"]
[GameId "2160767908344693"]
[EventDate "2017.07.06"]
[EventType "swiss"]
[EventRounds "7"]
[EventCountry "CAN"]
[SourceTitle "EXT 2022"]
[Source "ChessBase"]
[SourceDate "2021.10.06"]
[SourceVersion "1"]
[SourceVersionDate "2021.10.06"]
[SourceQuality "1"]

1. e4 e5 2. Nf3 Nc6 3. d4 exd4 4. Nxd4 Bc5 5. Be3 Qf6 6. c3 Nge7 7. Be2 Qg6 8. Bf3 O-O 9. O-O Ne5 10. b4 Bb6 11. Nc2 d6 12. Bxb6 axb6 13. Qe2 Nxf3+ 14. Qxf3 Bg4 15. Qd3 Nd5 16. Qxd5 Bf3 17. Ne3 Bxe4 18. Qc4 Bd3 19. Qxc7 Bxf1 20. Kxf1 Rxa2 21. Rxa2 Qxb1+ 22. Ke2 Qxa2+ 23. Kf3 Qb3 24. Qxd6 Qxc3 25. Qxb6 Qc6+ 26. Qxc6 bxc6 27. Ke4 Rb8 28. Nc2 Kf8 29. Kd4 Ke7 30. Ke5 Rb5+ 31. Kd4 Kd6 32. Ke3 c5 33. bxc5+ Rxc5 34. Nd4 Ke5 35. f4+ Kd5 36. Kd3 Rc4 37. Ne2 Rb4 38. Nc3+ Ke6 39. Ne2 Kf5 40. h3 h6 41. g4+ Kf6 42. Nc3 Ke6 43. f5+ Ke5 44. Ne2 Rb3+ 45. Kc4 Rxh3 46. Nd4 Rg3 47. Nc6+ Kf4 48. Nd4 Rxg4 49. Ne2+ Ke3+ 50. Kd5 Kxe2 51. Ke5 h5 52. Kd5 h4 53. Ke5 h3 54. Kd5 h2 55. Ke5 h1=Q 56. Kd6 Qe4 57. Kd7 Qxf5+ 58. Ke8 Re4+ 59. Kf8 Qc8+ 60. Kxg7 Rg4+ 61. Kxf7 Qf5+ 62. Ke7 Re4+ 63. Kd8 Qd5+ 64. Kc7 Rc4+ 65. Kb6 Qc5+ 66. Ka6 Qa3+ 67. Kb5 Qb3+ 68. Ka5 Ra4# 0-1

[Event "CYCC U10 w"]
[Site "Sault Ste-Marie CAN"]
[Date "2017.07.06"]
[Round "2"]
[White "Liao, Jodie"]
[Black "Surya, Dania"]
[Result "0-1"]
[WhiteElo "800"]
[BlackElo "918"]
[WhiteFideId "-1"]
[WhiteFideId "-1"]
[PlyCount "48"]
[GameId "2160767908344695"]
[EventDate "2017.07.06"]
[EventType "swiss"]
[EventRounds "7"]
[EventCountry "CAN"]
[SourceTitle "EXT 2022"]
[Source "ChessBase"]
[SourceDate "2021.10.06"]
[SourceVersion "1"]
[SourceVersionDate "2021.10.06"]
[SourceQuality "1"]

1. e4 d5 2. e5 c5 3. Nf3 Nc6 4. Bb5 Bg4 5. O-O e6 6. d3 f6 7. exf6 Nxf6 8. h3 Bh5 9. Bg5 Bd6 10. Nc3 O-O 11. Bxc6 bxc6 12. Re1 d4 13. Ne2 Bxf3 14. gxf3 Qd7 15. Nf4 Bxf4 16. Bxf4 Rae8 17. c3 e5 18. Bxe5 Qxh3 19. Bd6 Rxe1+ 20. Qxe1 Re8 21. Qd2 Qxf3 22. Bxc5 Re2 23. Qxe2 Qxe2 24. Bxd4 Ng4 0-1

[Event "CYCC U10 w"]
[Site "Sault Ste-Marie CAN"]
[Date "2017.07.06"]
[Round "2"]
[White "Pobereshnikova, Faina"]
[Black "Vozian, Emilia"]
[Result "1-0"]
[WhiteElo "893"]
[BlackElo "1071"]
[WhiteFideId "-1"]
[WhiteFideId "-1"]
[PlyCount "77"]
[GameId "2160767908344696"]
[EventDate "2017.07.06"]
[EventType "swiss"]
[EventRounds "7"]
[EventCountry "CAN"]
[SourceTitle "EXT 2022"]
[Source "ChessBase"]
[SourceDate "2021.10.06"]
[SourceVersion "1"]
[SourceVersionDate "2021.10.06"]
[SourceQuality "1"]

1. e4 e5 2. Bc4 Nf6 3. d3 d5 4. exd5 Nxd5 5. Nf3 Nc6 6. Nc3 Nxc3 7. bxc3 Bg4 8. h3 Bxf3 9. Qxf3 Qd7 10. O-O O-O-O 11. d4 exd4 12. Bd3 g6 13. cxd4 Nxd4 14. Qf6 Be7 15. Qxf7 Rdf8 16. Qc4 Bf6 17. c3 Nf5 18. Qe4 Re8 19. Qf3 Nh4 20. Qxf6 Qxd3 21. Qxh4 Re4 22. Qg3 Qc4 23. Bg5 h6 24. Be3 Qxc3 25. Rfc1 Qg7 26. Bd2 b6 27. Bc3 Qf7 28. Bxh8 Re8 29. Rd1 Rxh8 30. f4 Re8 31. Qf3 c6 32. Qxc6+ Qc7 33. Qxe8+ Kb7 34. Rd7 Qxd7 35. Qxd7+ Ka6 36. Rc1 Ka5 37. Rb1 Ka6 38. Rb3 h5 39. Ra3# 1-0

[Event "CYCC U10 w"]
[Site "Sault Ste-Marie CAN"]
[Date "2017.07.06"]
[Round "2"]
[White "Tao, Kaitlyn"]
[Black "Boucher, Anne-Marie"]
[Result "1-0"]
[WhiteElo "778"]
[BlackElo "817"]
[WhiteFideId "-1"]
[WhiteFideId "-1"]
[PlyCount "45"]
[GameId "2160767908344697"]
[EventDate "2017.07.06"]
[EventType "swiss"]
[EventRounds "7"]
[EventCountry "CAN"]
[SourceTitle "EXT 2022"]
[Source "ChessBase"]
[SourceDate "2021.10.06"]
[SourceVersion "1"]
[SourceVersionDate "2021.10.06"]
[SourceQuality "1"]

1. e4 e5 2. Nf3 Nc6 3. Bc4 Nf6 4. d3 Be7 5. Bg5 h6 6. Bh4 O-O 7. O-O d5 8. exd5 Nxd5 9. Bxe7 Ncxe7 10. Nxe5 Nf4 11. Qf3 Qd4 12. Qe4 Qxb2 13. Qxf4 Qxa1 14. Bxf7+ Kh8 15. Nd2 Qc3 16. Ndf3 Nf5 17. Ng6+ Kh7 18. Nxf8+ Kh8 19. Qg4 Ne3 20. Qg6 Bf5 21. Qh5 Rxf8 22. fxe3 g6 23. Qxh6# 1-0

[Event "CYCC U10 w"]
[Site "Sault Ste-Marie CAN"]
[Date "2017.07.07"]
[Round "3"]
[White "Boucher, Anne-Marie"]
[Black "Deng, Joyce"]
[Result "0-1"]
[WhiteElo "817"]
[BlackElo "1000"]
[WhiteFideId "-1"]
[WhiteFideId "-1"]
[PlyCount "98"]
[GameId "2160767908344698"]
[EventDate "2017.07.06"]
[EventType "swiss"]
[EventRounds "7"]
[EventCountry "CAN"]
[SourceTitle "EXT 2022"]
[Source "ChessBase"]
[SourceDate "2021.10.06"]
[SourceVersion "1"]
[SourceVersionDate "2021.10.06"]
[SourceQuality "1"]

1. e4 e5 2. Nf3 Nc6 3. Bb5 a6 4. Ba4 Nf6 5. O-O Bc5 6. d3 O-O 7. Nc3 d6 8. Nd5 Bg4 9. h3 Be6 10. Nxf6+ Qxf6 11. Bg5 Qg6 12. c3 f6 13. Be3 Bxe3 14. fxe3 Qe8 15. Qe1 Qe7 16. Nh4 d5 17. Nf5 Bxf5 18. Rxf5 dxe4 19. dxe4 Rad8 20. Bb3+ Kh8 21. Rh5 h6 22. Qg3 b5 23. Qg6 Na5 24. Bd5 c6 25. Bg8 Kxg8 26. Rxh6 Nc4 27. Rf1 Nxe3 28. Rf3 Rd1+ 29. Kh2 Nf1+ 30. Kg1 Nd2+ 31. Kf2 Nxf3 32. Kxf3 Rfd8 33. Kg4 R8d2 34. Kh5 Rxb2 35. Qh7+ Kf7 36. Rg6 Ke6 37. Qg8+ Qf7 38. Qh7 Rh1 39. Kg4 Rxg2+ 40. Kf3 Rxg6 41. Qh8 Rh6 42. Qc8+ Qd7 43. Qg8+ Ke7 44. Qxg7+ Ke6 45. Qxh6 Qd3+ 46. Kg2 Qf1+ 47. Kg3 Qg1+ 48. Kh4 Qg2 49. Kh5 Rxh3# 0-1

[Event "CYCC U10 w"]
[Site "Sault Ste-Marie CAN"]
[Date "2017.07.07"]
[Round "3"]
[White "Hua, Michelle"]
[Black "Tao, Kaitlyn"]
[Result "1-0"]
[WhiteElo "1461"]
[BlackElo "778"]
[WhiteFideId "-1"]
[WhiteFideId "-1"]
[PlyCount "111"]
[GameId "2160767908344699"]
[EventDate "2017.07.06"]
[EventType "swiss"]
[EventRounds "7"]
[EventCountry "CAN"]
[SourceTitle "EXT 2022"]
[Source "ChessBase"]
[SourceDate "2021.10.06"]
[SourceVersion "1"]
[SourceVersionDate "2021.10.06"]
[SourceQuality "1"]

1. e4 c5 2. Ne2 Nc6 3. d4 cxd4 4. Nxd4 Qb6 5. Nxc6 bxc6 6. Nc3 e5 7. Bc4 Nf6 8. O-O Bc5 9. Rb1 O-O 10. Bg5 Be7 11. Bxf6 Bxf6 12. Re1 Qd4 13. Qxd4 exd4 14. Ne2 d6 15. Red1 c5 16. c3 Bb7 17. f3 Bc6 18. cxd4 Rad8 19. dxc5 dxc5 20. b3 Rxd1+ 21. Rxd1 Rd8 22. Rxd8+ Bxd8 23. Kf1 Kf8 24. Kf2 f6 25. Ke3 g5 26. Kd3 Ke7 27. Nc3 a6 28. Bxa6 Ba5 29. g3 h5 30. Ne2 Kd6 31. f4 g4 32. a3 Kd7 33. Bc4 Kc7 34. Bf7 Bb5+ 35. Ke3 Bb6 36. Kd2 Ba5+ 37. Nc3 Kc6 38. Bxh5 c4 39. b4 Bd8 40. Be8+ Kb6 41. Nxb5 Kb7 42. Nd6+ Kc7 43. Nxc4 Kc8 44. a4 Kb8 45. a5 Ka7 46. b5 Bxa5+ 47. Nxa5 f5 48. exf5 Kb6 49. f6 Kxa5 50. f7 Kb6 51. f8=Q Ka5 52. Qf6 Kb4 53. Qb6 Kb3 54. Bf7+ Kb4 55. Kc2 Ka3 56. Qa5# 1-0

[Event "CYCC U10 w"]
[Site "Sault Ste-Marie CAN"]
[Date "2017.07.07"]
[Round "3"]
[White "Jiang, Kate"]
[Black "Ksenych, Alexz"]
[Result "1-0"]
[WhiteElo "875"]
[BlackElo "931"]
[WhiteFideId "-1"]
[WhiteFideId "-1"]
[PlyCount "101"]
[GameId "2160767908344700"]
[EventDate "2017.07.06"]
[EventType "swiss"]
[EventRounds "7"]
[EventCountry "CAN"]
[SourceTitle "EXT 2022"]
[Source "ChessBase"]
[SourceDate "2021.10.06"]
[SourceVersion "1"]
[SourceVersionDate "2021.10.06"]
[SourceQuality "1"]

1. e4 d5 2. exd5 Nf6 3. d4 Bg4 4. Nf3 Qxd5 5. Be2 e6 6. c4 Qf5 7. Nc3 Nc6 8. h3 Bxf3 9. Bxf3 Rb8 10. Be3 Nb4 11. O-O Qc2 12. Qxc2 Nxc2 13. Rac1 Nxe3 14. fxe3 b6 15. Bc6+ Kd8 16. a3 Bd6 17. e4 e5 18. dxe5 Bxe5 19. Rcd1+ Ke7 20. Rd3 Rbd8 21. Rff3 Rxd3 22. Rxd3 Rd8 23. Rxd8 Kxd8 24. Nd1 Bd4+ 25. Kf1 Ke7 26. b4 Kd6 27. b5 Ke5 28. Nf2 Bxf2 29. Kxf2 Nxe4+ 30. Ke3 Nc3 31. Kd3 Na4 32. Ke3 f5 33. Kf3 Kd4 34. Kf4 g6 35. Kg5 Kxc4 36. Kh6 Nc3 37. Kxh7 Nxb5 38. Kxg6 Nd4 39. h4 Ne6 40. h5 Kc5 41. h6 Nf8+ 42. Kf7 Nh7 43. Bd7 f4 44. Bf5 Ng5+ 45. Kg6 f3 46. gxf3 Kd5 47. Kxg5 c5 48. h7 c4 49. h8=Q c3 50. Qxc3 b5 51. Be4+ 1-0